Color By Shade Quiz Stats

 Plays Quiz Updated Apr 16, 2020

     
Support Sporcle.
Go Orange.
Score 0/10 Timer 01:00
5 Plays Today
% Correct
Brown
98%
Orange
97.5%
Green
96.9%
Gray
94.5%
Purple
93%
Yellow
92.5%
Blue
92.1%
Red
92%
White
88.8%
Pink
79.3%

From the Vault

5 to 1: Mexico

by mg10

No, this doesn't grant you the knowledge to guide tourists.
Remove Ads.
Support Sporcle.
Get the best of Sporcle when you Go Orange. This ad-free experience offers more features, more stats, and more fun while also helping to support Sporcle. Thank you for becoming a member.

Show Comments

Extras

Top Quizzes Today


Score Distribution

Your Account Isn't Verified!

In order to create a playlist on Sporcle, you need to verify the email address you used during registration. Go to your Sporcle Settings to finish the process.

Report this User

Report this user for behavior that violates our Community Guidelines.

Details: